<?xml version="1.0" encoding="UTF-8"?>
<record
    xmlns:xsi="http://www.w3.org/2001/XMLSchema-instance"
    xsi:schemaLocation="http://www.loc.gov/MARC21/slim http://www.loc.gov/standards/marcxml/schema/MARC21slim.xsd"
    xmlns="http://www.loc.gov/MARC21/slim">

  <leader>01450nam a22002297a 4500</leader>
  <controlfield tag="005">20220405110927.0</controlfield>
  <controlfield tag="008">220405b           ||||| |||| 00| 0 eng d</controlfield>
  <datafield tag="020" ind1=" " ind2=" ">
    <subfield code="a">8172248318</subfield>
  </datafield>
  <datafield tag="040" ind1=" " ind2=" ">
    <subfield code="c">AL</subfield>
  </datafield>
  <datafield tag="041" ind1=" " ind2=" ">
    <subfield code="a">English</subfield>
  </datafield>
  <datafield tag="082" ind1=" " ind2=" ">
    <subfield code="2">23</subfield>
    <subfield code="a">615.32</subfield>
    <subfield code="b">BAKI</subfield>
  </datafield>
  <datafield tag="100" ind1=" " ind2=" ">
    <subfield code="a">H K Bakhru</subfield>
    <subfield code="9">27555</subfield>
  </datafield>
  <datafield tag="245" ind1=" " ind2=" ">
    <subfield code="a">Indian Spices and Condiments as Natural Healers</subfield>
  </datafield>
  <datafield tag="260" ind1=" " ind2=" ">
    <subfield code="a">Mumbai</subfield>
    <subfield code="b">Jaico Publishing House</subfield>
    <subfield code="c">2001</subfield>
  </datafield>
  <datafield tag="300" ind1=" " ind2=" ">
    <subfield code="a">xx,165 p.</subfield>
    <subfield code="b">PB</subfield>
    <subfield code="c">22x14 cm.</subfield>
  </datafield>
  <datafield tag="365" ind1=" " ind2=" ">
    <subfield code="b">&#x20B9;85.00</subfield>
    <subfield code="c">&#x20B9;</subfield>
    <subfield code="d">&#x20B9;85.00</subfield>
  </datafield>
  <datafield tag="520" ind1=" " ind2=" ">
    <subfield code="a">Spices and condiments are important forms of natural foods. However, besides having culinary uses, they are also utilized for natural healing purposes. Perfumes, essential oils, edible restoratives and other components of spices provide significant benefits to human beings. In Indian Spices and Condiments as Natural Healers, Dr. Bakhru describes the medicinal virtues of a variety of spices and condiments. The author's easy-to-understand and detailed descriptions expose readers to the distinctive qualities of specific spices, and their ability to treat common ailments like headaches, colds, migraines and coughs. The information in this book can assist readers in solving common health problems. In addition, readers will learn how to use spices and condiments as essential ingredients of a well-balanced natural diet.</subfield>
  </datafield>
  <datafield tag="650" ind1=" " ind2=" ">
    <subfield code="a">Indian Spices</subfield>
    <subfield code="9">27556</subfield>
  </datafield>
  <datafield tag="650" ind1=" " ind2=" ">
    <subfield code="a">Medical Plants</subfield>
    <subfield code="9">27557</subfield>
  </datafield>
  <datafield tag="700" ind1=" " ind2=" ">
    <subfield code="a">BAKHRU (H K)</subfield>
    <subfield code="9">27558</subfield>
  </datafield>
  <datafield tag="942" ind1=" " ind2=" ">
    <subfield code="2">ddc</subfield>
    <subfield code="c">GF</subfield>
  </datafield>
  <datafield tag="999" ind1=" " ind2=" ">
    <subfield code="c">222175</subfield>
    <subfield code="d">222175</subfield>
  </datafield>
  <datafield tag="952" ind1=" " ind2=" ">
    <subfield code="0">0</subfield>
    <subfield code="1">0</subfield>
    <subfield code="2">ddc</subfield>
    <subfield code="4">0</subfield>
    <subfield code="7">0</subfield>
    <subfield code="8">FST</subfield>
    <subfield code="a">AL</subfield>
    <subfield code="b">AL</subfield>
    <subfield code="d">2013-03-24</subfield>
    <subfield code="l">0</subfield>
    <subfield code="o">615.32 BAKI</subfield>
    <subfield code="p">GF03613</subfield>
    <subfield code="r">2022-04-05 00:00:00</subfield>
    <subfield code="w">2022-04-05</subfield>
    <subfield code="y">GF</subfield>
  </datafield>
</record>
